A Journey to Palmyra : Collected Essays to Remember Delbert R. Hillers /
A Journey to Palmyra originates from the desire to remember Delbert R. Hillers, who greatly contributed with his work to Palmyrene studies. However, it is not meant just as a memorial volume, but as a research tool. It contains thirteen papers by scholars in the field of Palmyrene studies and Semiti...
مؤلفون آخرون:
التنسيق: كتاب الكتروني
اللغة: English
منشور في:
Leiden; Boston :
BRILL,
2005.
سلاسل:
Culture and History of the Ancient Near East ;
22.
Brill Book Archive Part 1, ISBN: 9789004472495.
الموضوعات:
الوصول للمادة أونلاين: Login to view Source
الوسوم: إضافة وسم
رقم الطلب: DS99.P17
| LEADER | 02629nam a22004938i 4500 | ||
|---|---|---|---|
| 001 | BRILL9789047404194 | ||
| 003 | nllekb | ||
| 005 | 20220208174606.0 | ||
| 006 | m d | ||
| 007 | cr un uuuua | ||
| 008 | 200716s2005 ne sb 001 0 eng d | ||
| 020 | |a 9789047404194 |q (electronic book) | ||
| 020 | |a 9789004124189 |q (print) | ||
| 024 | 7 | |a 10.1163/9789047404194 |2 DOI | |
| 035 | |a (OCoLC)182530381 | ||
| 040 | |a NL-LeKB |c NL-LeKB |e rda | ||
| 050 | 4 | |a DS99.P17 | |
| 072 | 7 | |a HBLA |2 bicssc | |
| 072 | 7 | |a HIS |x 010000 | |
| 072 | 7 | |a HIS |x 002000 | |
| 082 | 0 | 4 | |a 939/.43 |2 23 |
| 245 | 0 | 2 | |a A Journey to Palmyra : |b Collected Essays to Remember Delbert R. Hillers / |c edited by Eleonora Cussini. |
| 246 | 3 | |a Collected Essays to Remember Delbert R. Hillers | |
| 264 | 1 | |a Leiden; |a Boston : |b BRILL, |c 2005. | |
| 300 | |a 1 online resource. | ||
| 336 | |a text |b txt |2 rdacontent | ||
| 337 | |a computer |b c |2 rdamedia | ||
| 338 | |a online resource |2 rdacarrier | ||
| 490 | 1 | |a Culture and History of the Ancient Near East ; |v 22 | |
| 490 | 1 | |a Brill Book Archive Part 1, ISBN: 9789004472495 | |
| 504 | |a Includes bibliographical references and index. | ||
| 520 | |a A Journey to Palmyra originates from the desire to remember Delbert R. Hillers, who greatly contributed with his work to Palmyrene studies. However, it is not meant just as a memorial volume, but as a research tool. It contains thirteen papers by scholars in the field of Palmyrene studies and Semitics focusing on different aspects of Palmyrene history, social history, art, archaeology and philology, with publication of newly discovered inscriptions. It offers a state-of-the-art discussion on several issues pertaining to the field of Palmyrene studies, and illustrates methodologies to be employed in order to increase our knowledge of the complex and multifaceted culture of ancient Palmyra and of neighbouring areas. | ||
| 588 | |a Description based on print version record. | ||
| 650 | 0 | |a Antiquities. | |
| 650 | 0 | |a Civilization. | |
| 650 | 0 | |a Inscriptions |z Syria |z Tadmur. | |
| 700 | 1 | |a Cussini, Eleonora, |e editor. | |
| 776 | 0 | 8 | |i Print version: |t A Journey to Palmyra : Collected Essays to Remember Delbert R. Hillers. |d Leiden ; Boston : BRILL, 2005 |z 9789004124189 |w (DLC) 2005046960 |w (OCoLC)58563240 |
| 830 | 0 | |a Culture and History of the Ancient Near East ; |v 22. | |
| 830 | 0 | |a Brill Book Archive Part 1, ISBN: 9789004472495. | |
| 856 | 4 | |z DOI: |u http://dx.doi.org/10.1163/9789047404194 | |
| 942 | |2 lcc |c EBOOK | ||
| 952 | |0 0 |1 0 |2 lcc |4 0 |7 1 |9 33006 |a BRILL |b BRILL |d 2022-02-08 |l 0 |r 2022-02-08 00:00:00 |w 2022-02-08 |y EBOOK | ||
| 999 | |c 41436 |d 41436 | ||
